01368nam a2200289 a 450000100100000000500170001000800410002704000250006808200200009324500940011326000630020730000360027049000720030650000520037850400300043059000260046060000670048665000370055365000400059065000320063070000410066283000810070391000390078495201170082395201230094099900150106300000872520200929161409.0090918s200u dr 000 0 spa d aDO-SdBNPbspacBNPHU a709.7293bF363p00aFernando Peña Defilló :bla naturaleza mística /ccompilador Ricardo Ramón Jarne. aSanto Domingo :bSecretaria de Estado de Cultura,c[200?]. a395 p. :bil., retrs. ;c28 cm.1 aMonografías de Arte Dominicano del Centro Cultural de Españav3 aIncluye referencias y notas al pie de páginas aBibliografía: p.391-395 aInventariado, 2018/LP14aPEÑA DEFILLO, FERNANDO,xCRÍTICA E INTERPRETACIÓN923233 4aArte dominicanoySIGLO XX923012 4aPintura dominicanaySIGLO XX923234 4aPintores dominicanos91166012aJame, Ricardo Ramón,ecomp.923235 0aMonografías de Arte Dominicano del Centro Cultural de España ;n3923236 aValidado. Control de calidad BNPHU 0010718PDaPDbPDcHDd2009-09-18iLF1l0o709.7293 F363pp8725-10r2020-06-25w2020-06-25yLFPDZNo se presta 0010718PDaPDbPDcHDd2010-03-15iLF1l0o709.7293 F363pp8725-20r2020-06-25te. 2w2020-06-25yLFPDZNo se presta c8495d8495